[Event "Pardubice Czech op"]
[Site "Pardubice"]
[Date "1998.??.??"]
[Round "5"]
[White "Kuporosov, Viktor"]
[Black "Gutman, Gennadi"]
[Result "1/2-1/2"]
[WhiteElo "2500"]
[BlackElo "2410"]
[PlyCount "26"]
[EventDate "1998.07.??"]
[Source "www.chesslib.no"]
[SourceDate "2004.05.04"]

1. Nf3 Nf6 2. g3 d6 3. c4 e5 4. Bg2 Be7 5. Nc3 c6 6. O-O O-O 7. b3 Bg4 8. h3 Bh5 9. Bb2 Nbd7 10. Nh4 Re8 11. d3 a5 12. Nf5 Bf8 13. Qd2 Bg6 1/2-1/2

[Event "Open"]
[Site "?"]
[Date "1996.??.??"]
[Round "?"]
[White "Schneider, Bernd1"]
[Black "Blatny, P."]
[Result "0-1"]
[WhiteElo "2420"]
[BlackElo "2490"]
[PlyCount "76"]
[EventDate "1996.??.??"]
[Source "www.chesslib.no"]
[SourceDate "2004.05.04"]

1. c4 Nf6 2. Nc3 d6 3. g3 e5 4. Bg2 c6 5. Nf3 Nbd7 6. O-O Be7 7. d4 Qc7 8. Qc2 O-O 9. b3 Re8 10. Bb2 b6 11. Rfd1 Bb7 12. Rd2 Rad8 13. Rad1 e4 14. Ng5 d5 15. e3 Qb8 16. Nh3 Nf8 17. f3 exf3 18. Bxf3 Bb4 19. Re2 Bc8 20. Nf2 Ne6 21. Bg2 Ng5 22. e4 Bxc3 23. Bxc3 Nfxe4 24. Bxe4 dxe4 25. Nxe4 Nh3+ 26. Kg2 Bg4 27. Rde1 f5 28. Nf2 Bxe2 29. Nxh3 Bg4 30. Nf4 Rxe1 31. Bxe1 Re8 32. Bf2 g5 33. Nd3 Re2 34. Qc1 f4 35. gxf4 Qe8 36. Ne5 Qh5 37. fxg5 Rxe5 38. dxe5 Bh3+ 0-1

[Event "JUG-ch"]
[Site "?"]
[Date "1991.??.??"]
[Round "7"]
[White "Barlov, D."]
[Black "Dzevlan, M."]
[Result "1-0"]
[WhiteElo "2505"]
[BlackElo "2405"]
[PlyCount "87"]
[EventDate "1991.??.??"]
[Source "www.chesslib.no"]
[SourceDate "2004.05.04"]

1. c4 e5 2. Nc3 Nf6 3. g3 c6 4. d4 exd4 5. Qxd4 d5 6. Bg2 dxc4 7. Qxc4 Qa5 8. Nf3 Be6 9. Qh4 Be7 10. O-O Nbd7 11. Qg5 Qxg5 12. Nxg5 Bc4 13. Rd1 h6 14. Nf3 Nd5 15. Nxd5 Bxd5 16. Bh3 Nb6 17. Nd4 Rd8 18. Bf4 O-O 19. Bc7 Ra8 20. f3 Bc5 21. Kh1 Bxd4 22. Rxd4 Be6 23. Bxe6 fxe6 24. Rb4 Rf7 25. Bxb6 axb6 26. Rxb6 Rd7 27. Kg1 Kf7 28. Kf2 Ke7 29. a3 Kd8 30. Rb3 Ra5 31. Rc1 Re5 32. Re3 Rxe3 33. Kxe3 Ke7 34. h4 Rd5 35. Rc4 c5 36. a4 g5 37. hxg5 hxg5 38. Rc3 b6 39. Rd3 Re5+ 40. Kd2 c4 41. Rd4 b5 42. a5 Rc5 43. Kc3 e5 44. Rd1 1-0

[Event "Moscow Petrosian"]
[Site "Moscow"]
[Date "1995.??.??"]
[Round "9"]
[White "Gorbatow, Alexej"]
[Black "Saltaev, Mihail"]
[Result "1/2-1/2"]
[WhiteElo "2410"]
[BlackElo "2495"]
[PlyCount "21"]
[EventDate "1995.??.??"]
[Source "ChessBase"]

1. Nf3 Nf6 2. c4 d6 3. g3 e5 4. Nc3 Be7 5. Bg2 c6 6. O-O Be6 7. d3 h6 8. b3 O-O 9. Bb2 Qc8 10. e4 Bh3 11. Re1 1/2-1/2

[Event "Moscow ol (Men)"]
[Site "Moscow"]
[Date "1994.??.??"]
[Round "12"]
[White "Brestian, Egon"]
[Black "Komliakov, Viktor"]
[Result "0-1"]
[WhiteElo "2445"]
[BlackElo "2455"]
[PlyCount "120"]
[EventDate "1994.11.??"]
[Source "ChessBase"]

1. c4 e5 2. g3 Nf6 3. Bg2 c6 4. Nc3 d5 5. cxd5 cxd5 6. d4 exd4 7. Qxd4 Nc6 8. Qd1 d4 9. Nb1 Bb4+ 10. Nd2 O-O 11. Ngf3 d3 12. O-O dxe2 13. Qxe2 Bf5 14. Qd1 Bd3 15. Re1 Qb6 16. Bf1 Rad8 17. Bxd3 Rxd3 18. Qe2 Qd8 19. a3 Re8 20. Qd1 Bxd2 21. Rxe8+ Nxe8 22. Nxd2 Nd4 23. Qf1 Nb3 24. Nxb3 Rd1 25. Be3 Rxf1+ 26. Rxf1 b6 27. Nd4 Qd7 28. Rc1 h5 29. h4 Nd6 30. b3 f6 31. a4 Kh7 32. Kg2 a6 33. Rc2 Nf7 34. Kg1 Ne5 35. Rc3 Qd5 36. Kf1 Ng4 37. Ke2 b5 38. axb5 axb5 39. Rd3 Qc5 40. Rd2 Nxe3 41. Kxe3 g5 42. hxg5 fxg5 43. Rd3 Kg6 44. Ke2 Qe5+ 45. Kd2 h4 46. gxh4 gxh4 47. Ne2 Qf5 48. Ke1 Kg5 49. Re3 h3 50. f4+ Kh4 51. Kf2 Qc5 52. Ng1 h2 53. Nf3+ Kh3 54. Nxh2+ Kxh2 55. Kf3 Qc6+ 56. Re4 Qd5 57. b4 Kh3 58. Ke3 Kg4 59. Rd4 Qf3+ 60. Kd2 Qb3 0-1

[Event "Rilton Cup Open 9394"]
[Site "Stockholm SWE"]
[Date "1993.??.??"]
[Round "8"]
[White "Barkhagen, Jonas"]
[Black "Brynell, Stellan"]
[Result "1-0"]
[WhiteElo "2430"]
[BlackElo "2465"]
[PlyCount "81"]
[EventDate "1993.??.??"]
[Source "www.chesslib.no"]
[SourceDate "2004.05.04"]

1. c4 e5 2. Nc3 Nf6 3. g3 c6 4. Bg2 d5 5. cxd5 cxd5 6. Qb3 d4 7. Bxb7 Be6 8. Qa4+ Nbd7 9. Ne4 Rb8 10. Nxf6+ Qxf6 11. Bc6 Bc5 12. Nf3 d3 13. Qe4 O-O 14. Qxd3 Rfd8 15. Be4 Bh3 16. Bxh7+ Kh8 17. Be4 Bb4 18. Qe3 Be7 19. Ng1 Bf5 20. Bxf5 Qxf5 21. d3 Nc5 22. Kf1 e4 23. dxe4 Nxe4 24. f3 Rd1+ 25. Kg2 Rb4 26. g4 Qd5 27. Nh3 Ng5 28. Nf2 Rxh1 29. Kxh1 Bf6 30. Qd3 Rd4 31. Qb3 Qe5 32. Be3 Rd8 33. f4 Qc7 34. fxg5 Qc6+ 35. Kg1 Be5 36. Qxf7 Qd6 37. Rd1 Bxh2+ 38. Kf1 Qb8 39. Rxd8+ Qxd8 40. Qh5+ Kg8 41. Qxh2 1-0

[Event "Vienna Open"]
[Site "Vienna AUT"]
[Date "1995.??.??"]
[Round "4"]
[White "Rotstein, Arkadij"]
[Black "Prokopchuk, Evgeny"]
[Result "0-1"]
[WhiteElo "2490"]
[BlackElo "2390"]
[PlyCount "70"]
[EventDate "1995.??.??"]
[Source "www.chesslib.no"]
[SourceDate "2004.05.04"]

1. Nf3 Nf6 2. c4 d6 3. g3 e5 4. Bg2 c6 5. Nc3 Nbd7 6. O-O Be7 7. b4 O-O 8. b5 cxb5 9. Nxb5 Nb6 10. d3 e4 11. dxe4 Nxe4 12. Qc2 a6 13. Qxe4 axb5 14. cxb5 Ra4 15. Qc2 Rc4 16. Qd3 Bf6 17. Be3 Rc3 18. Qd1 Rxe3 19. fxe3 Bxa1 20. Qxa1 Qe8 21. Qd4 Qxb5 22. Nd2 Qxe2 23. Rc1 Nd7 24. Ne4 Ne5 25. Qd2 Nf3+ 26. Bxf3 Qxf3 27. Nxd6 Bh3 28. e4 Rd8 29. e5 f6 30. Qf2 Qd5 31. Re1 fxe5 32. Ne4 Ra8 33. Nc3 Qc4 34. Qe3 Rf8 35. Ne2 Qc6 0-1

[Event "POL Team Ch Extraliga"]
[Site "?"]
[Date "2004.??.??"]
[Round "?"]
[White "Markowski Tomasz"]
[Black "Dlugosz Jedrzej"]
[Result "1-0"]
[WhiteElo "2605"]
[BlackElo "2270"]
[PlyCount "121"]
[EventDate "2004.??.??"]
[Source "www.chesslib.no"]
[SourceDate "2004.05.04"]

1. g3 Nf6 2. Bg2 e5 3. c4 c6 4. Nc3 d5 5. d4 exd4 6. Qxd4 Be6 7. cxd5 cxd5 8. Bg5 Nc6 9. Qa4 Bc5 10. e3 O-O 11. Nge2 h6 12. Bxf6 Qxf6 13. O-O Qe5 14. Qb5 d4 15. Ne4 Bg4 16. Nxc5 Bxe2 17. Qxe2 Qxc5 18. Rfc1 Qe5 19. Bxc6 bxc6 20. Rxc6 dxe3 21. fxe3 Rab8 22. Rc3 Rfe8 23. Rf1 Rb4 24. Qd2 Re4 25. Rf3 Qh5 26. Kg2 Qe5 27. Qd7 Re7 28. Qc6 Qe6 29. Qxe6 R4xe6 30. Kf2 Rd6 31. Ke2 Red7 32. Rc2 g6 33. Rf4 Kg7 34. Rfc4 Rd1 35. Rc7 Rxc7 36. Kxd1 Re7 37. Ke2 h5 38. Rc4 Rb7 39. b3 Kf6 40. Rc5 Rb6 41. Ra5 Rb7 42. Kf3 g5 43. h4 gxh4 44. gxh4 Kg6 45. Kf4 f6 46. e4 Re7 47. b4 Rb7 48. a3 Re7 49. Ra6 Kg7 50. a4 Rb7 51. b5 Re7 52. Rc6 Kf7 53. Rc5 Kg6 54. a5 Rd7 55. b6 axb6 56. axb6 Rb7 57. Rb5 Kg7 58. Kf5 Kf7 59. Rb1 Ke7 60. Kg6 Ke6 61. Rb5 1-0

[Event "Tel Aviv"]
[Site "Tel Aviv"]
[Date "1988.??.??"]
[Round "?"]
[White "Hickl, J."]
[Black "Shrentzel, I."]
[Result "1/2-1/2"]
[WhiteElo "2485"]
[BlackElo "2385"]
[PlyCount "83"]
[EventDate "1988.03.??"]
[Source "www.chesslib.no"]
[SourceDate "2004.05.04"]

1. Nf3 Nf6 2. g3 d6 3. Bg2 e5 4. c4 Be7 5. Nc3 c6 6. O-O O-O 7. d3 Nbd7 8. Rb1 d5 9. cxd5 cxd5 10. e4 d4 11. Ne2 a5 12. Bh3 g6 13. Kg2 Re8 14. Neg1 b5 15. Bh6 Bb7 16. Rc1 a4 17. Qd2 Ra6 18. Bg5 Bc6 19. Rc2 Bf8 20. Bh6 Qa8 21. Bxf8 Nxf8 22. Re1 Nh5 23. Qe2 f5 24. Nd2 Ne6 25. Kf1 Nhg7 26. Ngf3 Bb7 27. Bg2 Nd8 28. Kg1 Nf7 29. Qf1 Rc6 30. Rxc6 Bxc6 31. a3 Qb7 32. exf5 Nxf5 33. Ne4 Bxe4 34. Rxe4 Qc7 35. Re2 Kg7 36. Ne1 Re7 37. Rc2 Qb8 38. Qe2 Rc7 39. Bd5 N7d6 40. Qd2 h6 41. h4 Qc8 42. Rxc7+ 1/2-1/2

[Event "San Fernando Open"]
[Site "San Fernando"]
[Date "1993.??.??"]
[Round "5"]
[White "Soppe, Guillermo G"]
[Black "Slipak, Sergio"]
[Result "1/2-1/2"]
[WhiteElo "2460"]
[BlackElo "2405"]
[PlyCount "60"]
[EventDate "1993.??.??"]
[Source "www.chesslib.no"]
[SourceDate "2004.05.04"]

1. Nf3 Nf6 2. c4 d6 3. g3 e5 4. Bg2 c6 5. Nc3 Be7 6. O-O O-O 7. c5 d5 8. Nxe5 Bxc5 9. d4 Bd6 10. Bg5 Nbd7 11. Nxd7 Bxd7 12. e4 dxe4 13. Nxe4 Be7 14. Nc5 Bc8 15. Re1 h6 16. Bf4 Nd5 17. Bxd5 cxd5 18. Qh5 b6 19. Nd3 Be6 20. Bxh6 gxh6 21. Rxe6 fxe6 22. Qg6+ Kh8 23. Qxh6+ Kg8 24. Qg6+ Kh8 25. Qh6+ Kg8 26. Qxe6+ Kg7 27. Qg4+ Kh7 28. Qh5+ Kg7 29. Qg4+ Kh7 30. Qh5+ Kg7 1/2-1/2

[Event "Osterreich"]
[Site "?"]
[Date "1992.??.??"]
[Round "?"]
[White "Klinger, J."]
[Black "Ciric, D."]
[Result "1-0"]
[WhiteElo "2480"]
[BlackElo "2385"]
[PlyCount "75"]
[EventDate "1992.??.??"]
[Source "ChessBase"]
[SourceDate "1993.02.01"]

1. c4 e5 2. g3 c6 3. Nf3 d6 4. Bg2 Nf6 5. Nc3 Be7 6. O-O O-O 7. b4 e4 8. Nd4 d5 9. cxd5 cxd5 10. b5 Bc5 11. Nb3 Bb4 12. Bb2 Bf5 13. Nd4 Bg6 14. Qb3 Qd6 15. d3 Nbd7 16. dxe4 dxe4 17. Rfd1 Qe7 18. Bh3 Bc5 19. Rac1 Nb6 20. Na4 Nxa4 21. Qxa4 Qe5 22. e3 Qh5 23. Bg2 Rfc8 24. h3 Nd7 25. Nb3 Nb6 26. Qa5 Bf8 27. g4 Qg5 28. Rxc8 Rxc8 29. Qxa7 Nc4 30. Qxb7 Nxb2 31. Qxc8 Nxd1 32. b6 Qf6 33. Qc2 Nc3 34. b7 Qe5 35. Nd4 Qc7 36. Qb3 Bd6 37. Nc6 Ne2+ 38. Kf1 1-0

[Event "Cuxhaven Open"]
[Site "Cuxhaven"]
[Date "1993.??.??"]
[Round "4"]
[White "Nedela, Vlastimil"]
[Black "Raetsky, Alexander"]
[Result "1/2-1/2"]
[WhiteElo "2400"]
[BlackElo "2465"]
[PlyCount "48"]
[EventDate "1993.03.??"]
[Source "www.chesslib.no"]
[SourceDate "2004.05.04"]

1. c4 e5 2. Nc3 Nf6 3. g3 c6 4. d4 exd4 5. Qxd4 d5 6. Nf3 dxc4 7. Qxd8+ Kxd8 8. e4 Be6 9. Bg5 Kc7 10. Nd4 Bb4 11. Bf4+ Kb6 12. Nxe6 fxe6 13. O-O-O Nbd7 14. Bxc4 e5 15. Be3+ Kc7 16. f3 b5 17. Be6 Bc5 18. Bd2 Rae8 19. Bh3 Nb6 20. b3 a5 21. a4 bxa4 22. Nxa4 Bd4 23. Kc2 Rd8 24. Rhe1 Nfd7 1/2-1/2

[Event "BL2-West 0102"]
[Site "Germany"]
[Date "2002.04.28"]
[Round "9.3"]
[White "Telljohann, Sven"]
[Black "Pirrot, Dieter"]
[Result "1/2-1/2"]
[WhiteElo "2415"]
[BlackElo "2450"]
[PlyCount "88"]
[EventDate "2001.10.07"]
[Source "ChessBase"]
[SourceDate "2002.07.08"]

1. c4 e5 2. Nc3 Nf6 3. g3 c6 4. Nf3 e4 5. Nd4 d5 6. cxd5 Qb6 7. e3 cxd5 8. Bg2 Nc6 9. Nxc6 bxc6 10. O-O Ba6 11. Re1 Bd3 12. b3 h5 13. Bb2 h4 14. Na4 Qc7 15. Rc1 hxg3 16. hxg3 Bd6 17. Bxf6 gxf6 18. Nc5 Bxc5 19. Rxc5 Qd7 20. Rc3 Kf8 21. Qc1 Rc8 22. Qb2 Qf5 23. Rxd3 exd3 24. e4 dxe4 25. Rxe4 c5 26. Rf4 Qe5 27. Qxe5 fxe5 28. Ra4 Rc7 29. Be4 Ke7 30. Kg2 Rd8 31. Kf3 Rd4 32. Ra6 Rd6 33. Ra5 f6 34. g4 Rd4 35. Ke3 c4 36. bxc4 Rcxc4 37. Rxa7+ Rd7 38. Ra3 Rcd4 39. f3 R4d6 40. Rxd3 Rxd3+ 41. Bxd3 Rd4 42. a3 Ra4 43. Be4 Rxa3+ 44. d3 Ra1 1/2-1/2

[Event "EUCup Gr"]
[Site "Baile Herculane"]
[Date "1994.??.??"]
[Round "2"]
[White "Miezis, Normunds"]
[Black "Jukic, Branimir"]
[Result "1/2-1/2"]
[WhiteElo "2430"]
[BlackElo "2430"]
[PlyCount "93"]
[EventDate "1994.??.??"]
[Source "www.chesslib.no"]
[SourceDate "2004.05.04"]

1. c4 Nf6 2. Nc3 e5 3. g3 c6 4. Nf3 e4 5. Nd4 d5 6. cxd5 Qb6 7. e3 cxd5 8. d3 Nc6 9. dxe4 dxe4 10. Nxc6 bxc6 11. Qc2 Bb4 12. Bd2 O-O 13. a3 Bd6 14. Na4 Qc7 15. Rc1 Be6 16. Bg2 Bd5 17. Bc3 Be5 18. O-O a5 19. Rfd1 Rfb8 20. Nc5 Rb5 21. Bd4 Qe7 22. Nxe4 Bxd4 23. Rxd4 Rab8 24. b4 Bxe4 25. Bxe4 axb4 26. axb4 Rxb4 27. Rxb4 Qxb4 28. Bxc6 g6 29. Bf3 Kg7 30. Rd1 h5 31. h3 Qe7 32. Qc3 Kh7 33. Kg2 Ne4 34. Qc2 Nf6 35. Rd4 Qe5 36. Qc4 Kg7 37. Qc2 Rb6 38. Ra4 Rb2 39. Qd3 h4 40. Rxh4 Qa5 41. Qf1 Qd2 42. Rd4 Qxe3 43. Rb4 Qd2 44. Rxb2 Qxb2 45. Qc4 Qe5 46. h4 Kg8 47. Qd3 1/2-1/2

[Event "XIX Czech Chladek & Tintera A Open"]
[Site "Pardubice CEC"]
[Date "2008.07.19"]
[Round "2"]
[White "Pena Gomez, M."]
[Black "Gutman, G."]
[Result "1/2-1/2"]
[WhiteElo "2352"]
[BlackElo "2497"]
[PlyCount "62"]
[EventDate "2008.07.18"]
[Source "www.chesslib.no"]
[SourceDate "2004.05.04"]

1. c4 e5 2. Nc3 Nf6 3. g3 c6 4. d4 exd4 5. Qxd4 d5 6. Bg2 dxc4 7. Qxc4 Be6 8. Qa4 Nbd7 9. Qc2 Qa5 10. Nh3 Bf5 11. e4 Nxe4 12. Bxe4 Bxh3 13. Bd2 Qh5 14. Ne2 Bd6 15. O-O-O Qxe2 16. Rhe1 Qxf2 17. Bf5+ Ne5 18. Bxh3 Rd8 19. Bf5 Bc7 20. Be4 Rd7 21. Qc3 Qd4 22. Qc2 Qf2 23. Qc3 O-O 24. Bf4 Rfd8 25. Rxd7 Rxd7 26. Bxe5 Bxe5 27. Bf5 f6 28. Rxe5 Qf1+ 29. Qe1 Qc4+ 30. Qc3 Qf1+ 31. Qe1 Qc4+ 1/2-1/2

[Event "8. Memorial"]
[Site "Casablanca 8. mem"]
[Date "1971.??.??"]
[Round "1"]
[White "Rodriguez Cordoba, Jesus R"]
[Black "Barczay, Laszlo"]
[Result "1/2-1/2"]
[WhiteElo "2370"]
[BlackElo "2470"]
[PlyCount "95"]
[EventDate "1971.??.??"]
[Source "www.chesslib.no"]
[SourceDate "2004.05.04"]

1. c4 e5 2. Nc3 Nf6 3. g3 c6 4. Nf3 e4 5. Nd4 Qb6 6. Nb3 a5 7. d3 a4 8. Nd2 a3 9. Qb3 axb2 10. Bxb2 Qxb3 11. axb3 Rxa1+ 12. Bxa1 exd3 13. exd3 Na6 14. Nce4 Nxe4 15. dxe4 f6 16. Bd3 Bb4 17. Kd1 d6 18. f3 Nc5 19. Bc2 Bh3 20. Re1 Kf7 21. Re2 h5 22. Nb1 Ne6 23. Bc3 Bxc3 24. Nxc3 Nd4 25. Re3 Nxf3 26. Rxf3 Bg4 27. Ke2 h4 28. Ke3 Bxf3 29. Kxf3 hxg3 30. hxg3 Ke6 31. Ne2 Rh1 32. Ke3 Ke5 33. Bd3 Rh2 34. Bc2 c5 35. Bd3 g5 36. Bc2 Rh1 37. Bd3 Rd1 38. Bc2 Ra1 39. Kd2 Ra3 40. Nc3 Ra1 41. Ne2 Rf1 42. Ke3 b6 43. Bd3 Ra1 44. Nc3 Re1+ 45. Ne2 g4 46. Kd2 Rf1 47. Bc2 Rf3 48. Bd1 1/2-1/2

[Event "It Pobeda-2003"]
[Site "Alushta"]
[Date "2003.05.??"]
[Round "?"]
[White "Chuprikov, Dmitry"]
[Black "Matjushin, Gennady"]
[Result "1-0"]
[WhiteElo "2424"]
[BlackElo "2416"]
[PlyCount "97"]
[EventDate "2003.05.01"]
[Source "Roberto Alvarez"]
[SourceDate "2003.05.19"]

1. g3 e5 2. c4 Nf6 3. Bg2 c6 4. Nf3 d6 5. Nc3 Be7 6. O-O O-O 7. b3 a6 8. Bb2 b5 9. c5 Nbd7 10. cxd6 Bxd6 11. d4 Bb7 12. Qc2 Re8 13. Rad1 Qc7 14. Ng5 h6 15. Nge4 Nxe4 16. Nxe4 Bf8 17. dxe5 Nxe5 18. Nc5 Bxc5 19. Qxc5 Nd7 20. Qf5 Re6 21. Be4 Nf8 22. Qg4 Ng6 23. Bf5 Rd6 24. h4 Rxd1 25. Rxd1 Rd8 26. Rxd8+ Qxd8 27. Bxg6 fxg6 28. Qxg6 Qd1+ 29. Kh2 Qd7 30. b4 Bc8 31. f3 Qe7 32. e4 Bd7 33. a3 Qf8 34. Kg2 Qe7 35. Bc3 Qf8 36. g4 Be8 37. Qe6+ Kh7 38. h5 c5 39. Qxa6 Qg8 40. Qd6 cxb4 41. axb4 Bf7 42. Kg3 Be6 43. Bd4 Qf7 44. f4 Qe8 45. f5 Bf7 46. Qe5 Qf8 47. Qxb5 Qd6+ 48. Qe5 Qxb4 49. Qxg7# 1-0

[Event "UKR-ch semifinal"]
[Site "Alushta"]
[Date "2004.05.08"]
[Round "5"]
[White "Shkuran, Daniil"]
[Black "Smirnov, Igor"]
[Result "1-0"]
[WhiteElo "2390"]
[BlackElo "2446"]
[PlyCount "129"]
[EventDate "2004.05.04"]
[Source "Roberto Alvarez"]
[SourceDate "2004.09.06"]

1. c4 e5 2. Nc3 Nf6 3. g3 c6 4. Bg2 d5 5. cxd5 cxd5 6. Qb3 Nc6 7. d3 d4 8. Nd5 Nxd5 9. Bxd5 Bb4+ 10. Kf1 Qe7 11. a3 Bd6 12. Nf3 Bh3+ 13. Kg1 h6 14. Bd2 O-O 15. Nh4 Kh7 16. Bg2 Be6 17. Bd5 Bxd5 18. Qxd5 f5 19. Re1 Rad8 20. Qb3 e4 21. Ng2 e3 22. fxe3 Bc5 23. Nf4 dxe3 24. Bc3 Rd6 25. h4 Bd4 26. Kg2 Bxc3 27. Qxc3 Ne5 28. Rc1 Ng4 29. Qc7 Qf6 30. Qxb7 Rb6 31. Qxa7 Rxb2 32. Rc7 Rf7 33. Rhc1 Rxc7 34. Rxc7 Qe5 35. Re7 Qf6 36. Qd7 Ne5 37. Qe6 Qxe6 38. Rxe6 g5 39. Re7+ Kg8 40. hxg5 hxg5 41. Rxe5 gxf4 42. gxf4 Rxe2+ 43. Kf3 Ra2 44. Kxe3 Rxa3 45. Rxf5 Kg7 46. Rb5 Kf6 47. Ke4 Ra1 48. Rb6+ Ke7 49. d4 Re1+ 50. Kf5 Rd1 51. Re6+ Kf7 52. Rd6 Ke7 53. Rd5 Rd2 54. Re5+ Kf7 55. d5 Rd4 56. Kg5 Rd1 57. f5 Rg1+ 58. Kf4 Rf1+ 59. Ke4 Re1+ 60. Kd4 Rd1+ 61. Kc5 Kf6 62. Re2 Rc1+ 63. Kd6 Kxf5 64. Kd7 Rh1 65. d6 1-0

[Event "Cannes"]
[Site "Cannes"]
[Date "1986.??.??"]
[Round "3"]
[White "Haik, Aldo"]
[Black "Miralles, Gilles"]
[Result "0-1"]
[WhiteElo "2475"]
[BlackElo "2360"]
[PlyCount "100"]
[EventDate "1986.02.??"]
[Source "ChessBase"]

1. c4 e5 2. Nc3 Nf6 3. g3 c6 4. Nf3 d6 5. d4 e4 6. Nd2 d5 7. Bg2 Be7 8. O-O O-O 9. cxd5 cxd5 10. f3 exf3 11. Nxf3 Nc6 12. Qb3 b6 13. Bg5 Be6 14. Rad1 Rc8 15. Nh4 h6 16. Bc1 Qd7 17. Qb5 Rfd8 18. Qd3 Nxd4 19. e3 Nc6 20. Nf5 Ne5 21. Qb1 Bxf5 22. Qxf5 Qe6 23. Nb5 Qxf5 24. Rxf5 Nc6 25. Nc3 d4 26. Nd5 Nxd5 27. Bxd5 Bf6 28. Bb3 Na5 29. exd4 Nxb3 30. axb3 Rxd4 31. Rdf1 Rd7 32. R5f3 Be5 33. b4 Rc2 34. b3 b5 35. Be3 a6 36. Bf2 Rdd2 37. Kh1 Bd4 38. Kg1 Rxf2 39. R3xf2 Rxf2 40. Rxf2 Kf8 41. Kf1 Bxf2 42. Kxf2 Ke7 43. Ke3 Ke6 44. Kd4 f5 45. Kd3 Ke5 46. Ke3 g5 47. Kd3 f4 48. g4 Kd5 49. h3 Ke5 50. Ke2 Ke4 0-1

[Event "Malmo Open"]
[Site "Malmo SWE"]
[Date "1987.??.??"]
[Round "?"]
[White "Plachetka, Jan"]
[Black "Bjarnason, Saevar"]
[Result "1-0"]
[WhiteElo "2435"]
[BlackElo "2395"]
[PlyCount "33"]
[EventDate "1986.??.??"]
[Source "www.chesslib.no"]
[SourceDate "2004.05.04"]

1. c4 Nf6 2. Nc3 e5 3. g3 c6 4. d4 exd4 5. Qxd4 d5 6. Bg2 Be6 7. cxd5 cxd5 8. Nf3 Nc6 9. Qa4 d4 10. Nxd4 Bd7 11. Nxc6 Qb6 12. O-O bxc6 13. Be3 Qxb2 14. Bxc6 Qb4 15. Qxb4 Bxb4 16. Bxa8 Bxc3 17. Rac1 1-0

[Event "Corr"]
[Site "?"]
[Date "2000.??.??"]
[Round "?"]
[White "Bazela Emil"]
[Black "Kovari Gabriel"]
[Result "1/2-1/2"]
[WhiteElo "2397"]
[BlackElo "2431"]
[PlyCount "114"]
[EventDate "2000.??.??"]
[Source "www.chesslib.no"]
[SourceDate "2004.05.04"]

1. c4 e5 2. Nc3 Nf6 3. g3 c6 4. Nf3 e4 5. Nd4 d5 6. cxd5 Qb6 7. Nb3 cxd5 8. Bg2 Bf5 9. d3 Bb4 10. O-O Bxc3 11. bxc3 O-O 12. Be3 Qc7 13. Rc1 Nc6 14. c4 dxc4 15. Rxc4 Rad8 16. Nd4 Bg6 17. dxe4 Bxe4 18. Bxe4 Nxe4 19. Qc2 Nd6 20. Ra4 Nc8 21. Rc1 h6 22. Nf5 h5 23. Qc3 f6 24. Nd4 Qf7 25. Nxc6 bxc6 26. Qxc6 Rd7 27. Qa6 Rd6 28. Qc4 Nb6 29. Qxf7+ Rxf7 30. Rd4 Rfd7 31. Rxd6 Rxd6 32. Rc5 Nd5 33. Bd4 Nf4 34. gxf4 Rxd4 35. Ra5 Rxf4 36. Rxa7 Rc4 37. a4 Kh7 38. a5 Ra4 39. a6 Kh6 40. Kg2 g5 41. Ra8 Kg7 42. a7 f5 43. e3 Ra1 44. h3 h4 45. f3 Ra2+ 46. Kf1 Ra1+ 47. Ke2 Ra2+ 48. Kd3 Ra1 49. e4 g4 50. fxg4 fxg4 51. Rb8 Rxa7 52. hxg4 h3 53. Ke3 h2 54. Rb1 Kf6 55. Kf4 Rh7 56. Rh1 Rh3 57. e5+ Kg6 1/2-1/2

[Event "Barbera Open"]
[Site "Barbera"]
[Date "1993.??.??"]
[Round "1"]
[White "Gomez, Adalberto"]
[Black "Franco Ocampos, Zenon"]
[Result "0-1"]
[WhiteElo "2315"]
[BlackElo "2505"]
[PlyCount "86"]
[EventDate "1993.??.??"]
[Source "www.chesslib.no"]
[SourceDate "2004.05.04"]

1. c4 Nf6 2. Nc3 e5 3. g3 c6 4. Bg2 d5 5. b3 Bc5 6. e3 d4 7. Na4 Na6 8. e4 d3 9. Nxc5 Nxc5 10. Bb2 Ncxe4 11. Bxe4 Nxe4 12. Qf3 f5 13. Qe3 O-O 14. Bxe5 Re8 15. f4 b5 16. cxb5 cxb5 17. Nf3 Bb7 18. O-O Nf6 19. Bxf6 gxf6 20. Qd4 Re2 21. Qxd8+ Rxd8 22. Rad1 Rde8 23. Nh4 b4 24. Nf3 R8e6 25. Rc1 Bxf3 26. Rxf3 Rxd2 27. Rc8+ Kf7 28. Rd8 Re1+ 29. Rf1 Ree2 30. Rf3 Rg2+ 31. Kh1 Rxh2+ 32. Kg1 Rdg2+ 33. Kf1 Rxa2 34. Kg1 Rag2+ 35. Kf1 Rb2 36. Kg1 Rbg2+ 37. Kf1 Rc2 38. Rfxd3 Rc1+ 39. Rd1 Rxd1+ 40. Rxd1 Rb2 41. Rd3 Kg6 42. Rd7 Rxb3 43. Kg2 Rb2+ 0-1

[Event "Moscow Open"]
[Site "Moscow RUS"]
[Date "1994.??.??"]
[Round "6"]
[White "Panchenko, Alexandar G"]
[Black "Lastin, Alexander"]
[Result "1/2-1/2"]
[WhiteElo "2485"]
[BlackElo "2335"]
[PlyCount "33"]
[EventDate "1994.??.??"]
[Source "www.chesslib.no"]
[SourceDate "2004.05.04"]

1. Nf3 Nf6 2. c4 d6 3. g3 e5 4. Bg2 Nbd7 5. Nc3 c6 6. O-O Be7 7. d3 O-O 8. Bd2 Re8 9. b4 Bf8 10. b5 d5 11. bxc6 bxc6 12. cxd5 cxd5 13. Rb1 h6 14. d4 e4 15. Ne5 Nxe5 16. dxe5 Rxe5 17. Bf4 1/2-1/2

[Event "Dos Hermanas"]
[Site "?"]
[Date "2004.03.29"]
[Round "5.19"]
[White "Rodriguez Aguilera Antonio"]
[Black "Campora Sivori Daniel H"]
[Result "1/2-1/2"]
[WhiteElo "2296"]
[BlackElo "2524"]
[PlyCount "38"]
[EventDate "2004.??.??"]
[Source "www.chesslib.no"]
[SourceDate "2004.05.04"]

1. c4 e5 2. Nc3 Nf6 3. g3 c6 4. Bg2 Bb4 5. Nf3 d6 6. O-O O-O 7. Qc2 Re8 8. a3 Bxc3 9. Qxc3 Nbd7 10. b4 a5 11. Bb2 d5 12. cxd5 cxd5 13. Rfc1 d4 14. Qb3 h6 15. e3 a4 16. Qc4 dxe3 17. dxe3 e4 18. Nd2 Nb6 19. Qd4 Bf5 1/2-1/2

[Event "ISL Ch"]
[Site "Iceland"]
[Date "1993.??.??"]
[Round "10"]
[White "Olafsson, Helgi"]
[Black "Bjarnason, Saevar"]
[Result "1/2-1/2"]
[WhiteElo "2530"]
[BlackElo "2290"]
[PlyCount "136"]
[EventDate "1993.??.??"]
[Source "www.chesslib.no"]
[SourceDate "2004.05.04"]

1. c4 Nf6 2. Nc3 e5 3. g3 c6 4. d4 exd4 5. Qxd4 d5 6. Nf3 dxc4 7. Qxc4 Be6 8. Qa4 Bc5 9. Bg2 O-O 10. O-O h6 11. Bf4 Nbd7 12. Rac1 Re8 13. Nd4 Bg4 14. Nb3 Nb6 15. Qa5 Bf8 16. f3 Be6 17. e4 Nc4 18. Qxd8 Rexd8 19. Rc2 a5 20. Na4 b5 21. Nbc5 Bc8 22. Bc1 Rb8 23. b3 bxa4 24. Rxc4 axb3 25. axb3 Rd4 26. Rxd4 Bxc5 27. Be3 Bxd4 28. Bxd4 Be6 29. Ra1 Rb5 30. Kf2 Bxb3 31. Bf1 Rh5 32. g4 Rxh2+ 33. Bg2 a4 34. Kg3 Rxg2+ 35. Kxg2 Nd7 36. Rc1 c5 37. Bxc5 Nxc5 38. Rxc5 g5 39. Ra5 Kg7 40. Kf2 Bd1 41. Ke3 Bb3 42. e5 Kg6 43. Ra6+ Kg7 44. Kf2 Kh7 45. Kg3 Kg7 46. f4 gxf4+ 47. Kxf4 Kh7 48. Kg3 Kg7 49. Kh3 Bc2 50. Kh4 Bd1 51. Kh5 Bb3 52. Rxh6 Be6 53. Rf6 a3 54. Rf3 a2 55. Ra3 Bb3 56. Ra6 Bc4 57. Ra7 Bb3 58. Kg5 Bc4 59. Kf4 Bb3 60. Kg5 Bc4 61. Kh5 Bb3 62. Ra3 Bc4 63. Kg5 Bb3 64. Kf5 Bc2+ 65. Kf4 Bb3 66. Ke3 Be6 67. Ra6 Bc4 68. Ra7 Be6 1/2-1/2

[Event "It"]
[Site "?"]
[Date "2001.??.??"]
[Round "?"]
[White "Kveinys Aloyzas"]
[Black "Dukov Alexey"]
[Result "1/2-1/2"]
[WhiteElo "2530"]
[BlackElo "2286"]
[PlyCount "44"]
[EventDate "2001.??.??"]
[Source "www.chesslib.no"]
[SourceDate "2004.05.04"]

1. c4 Nf6 2. Nc3 e5 3. g3 c6 4. d4 exd4 5. Qxd4 d5 6. Bg2 dxc4 7. Qxd8+ Kxd8 8. Nf3 Be6 9. Bf4 Bb4 10. O-O-O+ Nbd7 11. Nd4 Nd5 12. Nxd5 cxd5 13. e4 Nc5 14. Bg5+ f6 15. a3 Bxa3 16. Bd2 Nd3+ 17. Kb1 Bg4 18. bxa3 Bxd1 19. Rxd1 Nxf2 20. Rf1 Nxe4 21. Bxe4 dxe4 22. Ne6+ Ke7 1/2-1/2